BIBLIOTHÈQUE DE LA MAISON DU MEXIQUE

Logo 1 Logo 2

Amigo o enemigo (notice nᵒ 5599)

détails MARC
000 -Sello discográfico
campo de control de longitud fija 01117nam0a2200313 4500
005 - Identificación de versión
campo de control 20251016084504.0
010 ## - Número Estándar Internacional de Libros (ISBN)
Número (ISBN) 970-35-0330-6
010 ## - Número Estándar Internacional de Libros (ISBN)
Número (ISBN) 978-970-35-0330-8 (Conaculta)
035 ## - Otros números de control del sistema
Número de control del sistema 33190
099 ## - fechas locales
Tipo de ítem Koha LIBRO
100 ## - Datos de procesamiento general
Datos de procesamiento general 20111219d2008 m y0spay5003 ba
105 ## - Campo de datos codificados: Material textual, monográfico
Datos codificados de monografía y 001zy
200 1# - Título y mención de responsabilidad
Título propio Amigo o enemigo
Designación general del material texto impreso
Otra información del título el debate literario en Foe de J.M. Coetzee
Primer mención de responsabilidad Elisa Corona Aguilar
205 ## - Declaración de edición
Declaración de edición 1a ed
210 ## - Publicación, distribución, etc.
Lugar de publicación, distribución, etc. México
Nombre del editor, distribuidor, etc. Fondo Editorial Tierra Adentro
-- Consejo Nacional para la Cultura y las Artes
Fecha de publicación, distribución, etc. 2008
215 ## - Descripción física
Designación de material específico y extensión del ítem 87
Dimensiones 21 cm
300 ## - Notas generales
Texto de la nota Premio Nacional de Ensayo Joven José Vasconcelos 2008
320 ## - Nota de índices/bibliografías internas
Texto de la nota Incluye bibliografía: p.87
345 ## - Nota de información de adquisición
Fuente de adquisición/dirección de la suscripción [OBSOLETO] Donación 'Salon du Livre 2009'
410 #1 - Series
Título Fondo Editorial Tierra Adentro
Número de volumen 356
600 ## - Nombre personal usado como materia
Elemento de entrada Coetzee
Parte del nombre distinta del elemento de entrada John Maxwell
Fechas 1940-
Subdivisión temática Crítica e interpretación
Número Koha 10821
700 ## - Nombre personal - Responsabilidad primaria
Elemento de entrada Corona Aguilar
Parte del nombre distinta del elemento de entrada Elisa
Fechas 1981-
Número Koha 10822
801 #0 - Fuente de origen
País FR
Agencia cm
Reglas de catalogación (convenciones descriptivas) AFNOR
900 ## -
-- 1/21062
942 ## - ELEMENTOS DE ENTRADA SECUNDARIOS (KOHA)
Tipo de ítem Koha Livre
996 ## -
-- MEX
-- 751145101
-- MMAG
-- 001010
-- 860 T564 V.356
-- 20111219LIV
Exemplaires
Estatus retirado Estado de daño Estado de pérdida Fecha de adquisición Biblioteca de origen Biblioteca actual Ubicación en estantería Código de barras Precio de reemplazo Signatura topográfica completa No para préstamo Tipo de ítem Koha Nota pública Nota no pública
      05/08/2025 Casa México Paris Casa México Paris   001010 05/08/2025 860 T564 V.356   Livre 20111219LIV 751145101